Score 0/19 Timer 06:00
0 Plays Today
President (A) (A) or (B) % Correct
Ronald Reagan???
87%
Abraham Lincoln???
77.8%
John F. Kennedy???
74.2%
Harry S. Truman???
70.5%
James Madison???
69.6%
William McKinley???
68.7%
Grover Cleveland???
67.9%
John Tyler???
64.4%
John Adams???
62.4%
Martin van Buren???
61.5%
President (A) (A) or (B) % Correct
Rutherford B. Hayes???
56.2%
James K. Polk???
52.2%
George Washington???
50.3%
Andrew Jackson???
47.9%
Millard Fillmore???
47.2%
Theodore Roosevelt???
46%
Thomas Jefferson???
43.9%
Andrew Johnson???
37.2%
William Henry Harrison???
35.5%
Remove Ads.
Support Sporcle.
Get the best of Sporcle when you Go Orange. This ad-free experience offers more features, more stats, and more fun while also helping to support Sporcle. Thank you for becoming a member.

You're not logged in!

Compare scores with friends on all Sporcle quizzes.
OR
Log In

Show Comments

Extras

Top Quizzes Today


Score Distribution

Your Account Isn't Verified!

In order to create a playlist on Sporcle, you need to verify the email address you used during registration. Go to your Sporcle Settings to finish the process.

Report this User

Report this user for behavior that violates our Community Guidelines.

Details: